000 00883nam a22002057a 4500
003 OSt
005 20251104083839.0
008 251021b |||||||| |||| 00| 0 eng d
040 _c0
082 _aDPer 371.91 J826 July-October 2022 v. 27 n. 3-4
100 _aVan den Heuij, Kristen M.L.
_eauthor.
_968966
245 _aPerspectives of D/HH-students on mainstream higher education :
_ba qualitative study /
_cKristen M.L. Van den Heuij, Karin Neijenhuis, and Martine Coene.
260 _aUSA ;
_bOxford University Press ,
_cOctober 2022.
300 _aVolume 27, pages 385-398 :
_billustration ;
_c28 cm.
500 _aJournal of Deaf Studies and Deaf Education, vol. 37, no. 4, pages 385-398 , October 2022.
700 _aVan den Heuij, Kristen M.L.
_eauthor.
_968966
710 _aNeijenhuis Karin.
_eauthor.
_968967
711 _aCoene, Martine.
_jauthor.
_968968
942 _2ddc
_cPER
999 _c24097
_d24097